Zeeland Trivia quiz - Statistieken

Algemene statistieken
  • Deze quiz is 49 keer genomen
  • De gemiddelde score is 13 van 22
Antwoordstatistieken
Hint Antwoord % Correct
Provinciehoofdstad Middelburg
100%
Aangrenzende provincie Zuid-Holland
98%
Aangrenzende provincie Noord-Brabant
93%
Dialect dat hier gesproken wordt Zeeuws
90%
Op één na grootste stad van Zeeland Vlissingen
88%
Zeeuwse band, oa bekend van het nummer Zoutelande BLØF
83%
Gemeente met het hoogste inwonersaantal Terneuzen
73%
Bekende lekkernij uit Zeeland Bolus
68%
Gebouw waardoor het plaatsje Borsele bekend is in Nederland Kerncentrale
68%
Langste wegtunnel van Nederland Westerscheldetunnel
61%
Wapenspreuk van Zeeland in het Latijn Luctor et Emergo
59%
Deltawerk tussen Noord-Beveland en Schouwen-Duiveland Oosterscheldekering
59%
Autosnelweg die Zeeland verbindt met aangrenzende provincie A58
54%
Een groot deel van Zeeland wordt tot deze religieuze streek gerekend Biblebelt
49%
Zeeuwse sport of traditie die ter paard beoefend wordt Ringrijden
46%
Officieus nk dat op bovenstaande locatie georganiseerd wordt Tegenwindfietsen
46%
Voormalig eiland waarop bovenstaande plaats gelegen is Walcheren
41%
Grote militaire operatie tijdens WOII Slag om de Schelde
37%
Laatste premier van Nederland uit Zeeland Jan-Peter Balkenende
32%
Beroemde dichteres en schrijfster uit Zeeland Annie M.G. Schmidt
24%
Overheidsinstelling die na veel commotie hier toch niet gevestigd werd Marinierskazerne
17%
Stadje in Zeeuws-Vlaanderen met 50 inwoners die de titel 'Kleinste stad van NL' claimt Sint Anna ter Muiden
17%
Geen overeenkomende quizzen gevonden
Scoreverdeling
Procent van Mensen met Elke Score
Percentiel versus Aantal Correcte Antwoorden
Uw Scoregeschiedenis
U heeft deze quiz nog niet genomen